[Event "Bodensee op 9th"]
[Site "Bregenz"]
[Date "2025.05.25"]
[Round "2"]
[White "Maymo, Gazwan"]
[Black "Mattes, Heinz"]
[Result "1-0"]
[WhiteElo "1754"]
[BlackElo "1984"]
[PlyCount "145"]
[EventDate "2025.05.24"]
[EventType "swiss"]
[EventRounds "9"]
[EventCountry "AUT"]
[SourceTitle "CB23_2025"]
[SourceDate "2025.06.04"]
[SourceVersion "1"]
[SourceVersionDate "2025.06.04"]
[SourceQuality "1"]

1. Nf3 Nf6 2. c4 c5 3. g3 Nc6 4. Nc3 g6 5. Bg2 Bg7 6. 0-0 d6 7. b3 0-0 8. Bb2 a6 9. d3 Rb8 10. Nd2 Bd7 11. Qc2 b5 12. Nce4 Nxe4 13. Nxe4 Nd4 14. Qd2 Qc8 15. e3 Nc6 16. Bxg7 Kxg7 17. Rfd1 Bf5 18. Nc3 Bh3 19. Bh1 Ne5 20. f4 Nd7 21. Nd5 Re8 22. e4 Nf6 23. Qb2 Be6 24. Ne3 Kg8 25. Rf1 Ng4 26. Nxg4 Bxg4 27. f5 gxf5 28. Qf2 Qe6 29. Rae1 Qf6 30. exf5 Bh3 31. Bg2 Bxg2 32. Kxg2 e5 33. Kh1 Kh8 34. Re4 Rg8 35. Qd2 Qg5 36. Qa5 b4 37. Qxa6 Rgd8 38. Re2 Qg4 39. Rff2 Qd4 40. Rd2 e4 41. dxe4 Qxe4+ 42. Kg1 Ra8 43. Qb6 Rab8 44. Qc7 Qb7 45. Qxb7 Rxb7 46. f6 h6 47. h4 Rbd7 48. Rf5 Re8 49. Rxc5 Kh7 50. Rb5 Re6 51. Rf2 Kg6 52. Rxb4 d5 53. cxd5 Rxd5 54. Rbf4 Rd3 55. Kg2 Re1 56. Rf1 Re2+ 57. R4f2 Re4 58. Rf3 Rd2+ 59. R1f2 Rd1 60. a4 Ra1 61. Rf5 Re3 62. h5+ Kh7 63. Rb5 Rc1 64. Rb7 Kg8 65. Rd2 Rc8 66. Rdd7 Rf8 67. a5 Re6 68. Rb6 Re2+ 69. Kf3 Re5 70. a6 Rfe8 71. Re7 Kh7 72. Rxf7+ Kg8 73. Re7 1-0

[Event "Arber op 8th"]
[Site "Bodenmais"]
[Date "2019.08.02"]
[Round "7"]
[White "McPherson, Elisha"]
[Black "Mattes, Heinz"]
[Result "1/2-1/2"]
[WhiteElo "1705"]
[BlackElo "1953"]
[PlyCount "113"]
[EventDate "2019.07.27"]
[EventType "swiss"]
[EventRounds "9"]
[EventCountry "GER"]
[SourceTitle "CBM 191 Extra"]
[Source "ChessBase"]
[SourceDate "2019.09.30"]
[SourceVersion "1"]
[SourceVersionDate "2019.09.30"]
[SourceQuality "1"]

1. e4 e6 2. d4 d5 3. e5 c5 4. c3 Nc6 5. Nf3 Qb6 6. a3 Nh6 7. b4 cxd4 8. cxd4 Nf5 9. Be3 Be7 10. Bd3 0-0 11. Nc3 Nxe3 12. fxe3 f6 13. exf6 Bxf6 14. 0-0 Bd7 15. Qc2 h6 16. Na4 Qd8 17. Nc5 Rb8 18. b5 Ne7 19. e4 dxe4 20. Nxe4 Qb6 21. Qc5 Nd5 22. Qxb6 axb6 23. Ne5 Be8 24. Nxf6+ gxf6 25. Nf3 Kf7 26. Bc4 Rd8 27. Rae1 Ke7 28. Re2 Kd6 29. Nd2 Bg6 30. Ne4+ Bxe4 31. Rxe4 Rc8 32. Bxd5 Kxd5 33. Rfe1 Rce8 34. Kf2 Rg8 35. Kf3 Re7 36. g3 Ra8 37. R1e3 Ra4 38. Rd3 Rc7 39. Rh4 Rh7 40. Ke3 Rc4 41. Rf4 f5 42. Kd2 Rhc7 43. Rh4 Rc2+ 44. Ke3 Rg2 45. Rxh6 Rcc2 46. Rh7 Rce2+ 47. Kf4 Kc4 48. Rf3 Rxh2 49. Rxb7 Rh5 50. Re3 Rf2+ 51. Rf3 Rxf3+ 52. Kxf3 Kxb5 53. Kf4 Kc6 54. Re7 Kd6 55. Rb7 Kc6 56. Re7 Kd5 57. Rd7+ 1/2-1/2

[Event "Arber op 6th"]
[Site "Bodenmais"]
[Date "2017.08.05"]
[Round "8"]
[White "Krastev, Alexander"]
[Black "Mattes, Heinz"]
[Result "1/2-1/2"]
[WhiteElo "2071"]
[BlackElo "1913"]
[PlyCount "104"]
[EventDate "2017.07.29"]
[EventType "swiss"]
[EventRounds "9"]
[EventCountry "GER"]
[SourceTitle "EXT 2018"]
[Source "ChessBase"]
[SourceDate "2017.10.13"]
[SourceVersion "1"]
[SourceVersionDate "2017.10.13"]
[SourceQuality "1"]

1. e4 e6 2. d4 d5 3. Nc3 Nf6 4. e5 Nfd7 5. f4 c5 6. Nf3 Nc6 7. Be3 cxd4 8. Nxd4 Bc5 9. Qd2 a6 10. 0-0-0 0-0 11. h4 Nxd4 12. Bxd4 b5 13. h5 Qb6 14. Bxc5 Qxc5 15. Bd3 f6 16. exf6 Nxf6 17. Qe2 Ra7 18. Rdg1 Re7 19. g4 e5 20. g5 e4 21. gxf6 Rxf6 22. Rg5 Rf5 23. Bxe4 Rxg5 24. fxg5 dxe4 25. Nxe4 Qxg5+ 26. Nxg5 Rxe2 27. Rd1 Re8 28. Rd4 h6 29. Nf3 Bb7 30. Rf4 Rf8 31. Rxf8+ Kxf8 32. Nd4 Ke7 33. Kd2 Kf6 34. Ke3 Kg5 35. Ne6+ Kxh5 36. Nxg7+ Kh4 37. Ne6 Kg3 38. Nf4 Bf3 39. c3 h5 40. b3 h4 41. c4 b4 42. c5 a5 43. Ne2+ Bxe2 44. Kxe2 h3 45. c6 h2 46. c7 h1Q 47. c8Q Qg2+ 48. Kd3 Qf1+ 49. Kd2 Qf4+ 50. Kc2 Qe4+ 51. Kb2 Qd4+ 52. Kb1 Kf2 1/2-1/2

[Event "Arber op 6th"]
[Site "Bodenmais"]
[Date "2017.08.04"]
[Round "7"]
[White "Mattes, Heinz"]
[Black "Staudinger, Simon"]
[Result "1-0"]
[WhiteElo "1913"]
[BlackElo "1725"]
[PlyCount "113"]
[EventDate "2017.07.29"]
[EventType "swiss"]
[EventRounds "9"]
[EventCountry "GER"]
[SourceTitle "CBM 179 Extra"]
[Source "ChessBase"]
[SourceDate "2017.08.23"]
[SourceVersion "1"]
[SourceVersionDate "2017.08.23"]
[SourceQuality "1"]

1. d4 d5 2. e3 Bf5 3. c4 e6 4. Nc3 Nf6 5. Nf3 Be7 6. Qb3 b6 7. cxd5 exd5 8. Ne5 0-0 9. Bd2 c5 10. dxc5 Bxc5 11. Na4 Qd6 12. Nf3 Nc6 13. Be2 Nb4 14. Rc1 Be6 15. Nd4 Ne4 16. Nxc5 Nxd2 17. Qxb4 bxc5 18. Qxd2 cxd4 19. Qxd4 Rab8 20. a3 Rb6 21. 0-0 Rfb8 22. b4 a5 23. bxa5 Rb2 24. Bg4 Qxa3 25. Bxe6 fxe6 26. Rc7 Qf8 27. a6 Rxf2 28. Rxg7+ Qxg7 29. Qxg7+ Kxg7 30. Kxf2 Rb2+ 31. Kf3 Ra2 32. Kf4 Kf6 33. g4 Ra4+ 34. Kg3+ Ke7 35. Rb1 Rxa6 36. Rb7+ Kf6 37. Rxh7 Kg6 38. Rh5 Ra4 39. h4 Re4 40. Kf3 Ra4 41. Rg5+ Kf6 42. Rh5 Kg6 43. Rh8 Kg7 44. Rd8 Kg6 45. h5+ Kg7 46. Rd7+ Kh6 47. Re7 Re4 48. Rf7 Re5 49. Rf6+ Kg7 50. Rg6+ Kh7 51. Kf4 Re4+ 52. Kg5 Rxe3 53. Kf6 d4 54. g5 d3 55. Rg7+ Kh8 56. Rd7 e5 57. Rd8+ 1-0

[Event "Bayern-chI Bank Hofmann 20th"]
[Site "Bad Wiessee"]
[Date "2016.10.29"]
[Round "1"]
[White "Zhigalko, Andrey"]
[Black "Mattes, Heinz"]
[Result "1-0"]
[WhiteElo "2584"]
[BlackElo "1958"]
[PlyCount "105"]
[EventDate "2016.10.29"]
[EventType "swiss"]
[EventRounds "9"]
[EventCountry "GER"]
[SourceTitle "CBM 175 Extra"]
[Source "ChessBase"]
[SourceDate "2016.12.12"]
[SourceVersion "1"]
[SourceVersionDate "2016.12.12"]
[SourceQuality "1"]

1. e4 e6 2. d4 d5 3. Nc3 Nf6 4. e5 Nfd7 5. f4 c5 6. Nf3 Nc6 7. Be3 cxd4 8. Nxd4 Bc5 9. Qd2 0-0 10. g3 Qe7 11. Bg2 Bxd4 12. Bxd4 Nxd4 13. Qxd4 Qc5 14. 0-0-0 Qxd4 15. Rxd4 a6 16. Re1 Nb8 17. a3 Nc6 18. Rd3 b5 19. h4 Ra7 20. h5 h6 21. Ne2 Bd7 22. Nd4 Rc7 23. Rc3 Rfc8 24. Nxc6 Rxc6 25. Rxc6 Rxc6 26. Kd2 Kf8 27. Bf1 Ke7 28. Bd3 Rc8 29. Ke3 f6 30. Kd4 f5 31. g4 fxg4 32. Rg1 Kf8 33. Rxg4 Be8 34. Rh4 Bd7 35. Rh3 Rc7 36. c3 Be8 37. b3 Ke7 38. f5 Bf7 39. Rg3 Kf8 40. fxe6 Bxe6 41. Be2 Bf7 42. Bg4 Rc6 43. Bd7 Rc7 44. e6 Bxh5 45. Ke5 Ra7 46. Kd6 Ra8 47. e7+ Kg8 48. Bc6 Ra7 49. Bxd5+ Kh8 50. Rh3 Be8 51. Rf3 Kh7 52. Rf8 Bd7 53. Rd8 1-0

[Event "Regionalliga SW 1415"]
[Site "Bayern"]
[Date "2015.02.01"]
[Round "6.7"]
[White "Mattes, Heinz"]
[Black "Behling, Robert"]
[Result "0-1"]
[WhiteElo "1924"]
[BlackElo "2056"]
[PlyCount "74"]
[EventDate "2014.10.19"]
[EventType "team-tourn"]
[EventRounds "9"]
[EventCountry "GER"]
[SourceTitle "EXT 2018"]
[Source "ChessBase"]
[SourceDate "2017.10.13"]
[SourceVersion "1"]
[SourceVersionDate "2017.10.13"]
[SourceQuality "1"]
[WhiteTeam "Muenchen Siemens"]
[BlackTeam "Haunstetten"]
[WhiteTeamCountry "GER"]
[BlackTeamCountry "GER"]

1. d4 d5 2. Nf3 Nf6 3. e3 c5 4. b3 g6 5. Bb2 Bg7 6. Nbd2 cxd4 7. exd4 Nc6 8. Bd3 0-0 9. a3 Nh5 10. 0-0 Nf4 11. Bb5 Bg4 12. Bxc6 bxc6 13. Re1 Qd7 14. Nf1 f6 15. Bc1 g5 16. Bxf4 gxf4 17. Qe2 Rae8 18. h3 Bf5 19. Nh4 e5 20. Nxf5 Qxf5 21. dxe5 fxe5 22. Qg4 e4 23. Qxf5 Rxf5 24. Rad1 Bc3 25. Re2 Kf7 26. Nd2 Rg8 27. f3 e3 28. Nb1 Ba5 29. Rd3 c5 30. g4 Re5 31. b4 cxb4 32. Rd4 bxa3 33. Rxf4+ Ke6 34. Nxa3 Rc8 35. c4 Bb6 36. cxd5+ Kxd5 37. Nc2 Rxc2 0-1

[Event "Skopje Karposh op"]
[Site "Skopje"]
[Date "2014.03.29"]
[Round "1"]
[White "Mattes, Heinz"]
[Black "Baron, Tal"]
[Result "0-1"]
[WhiteElo "2043"]
[BlackElo "2513"]
[PlyCount "70"]
[EventDate "2014.03.29"]
[EventType "swiss"]
[EventRounds "9"]
[EventCountry "MKD"]
[SourceTitle "CBM 159 Extra"]
[Source "ChessBase"]
[SourceDate "2014.04.24"]
[SourceVersion "1"]
[SourceVersionDate "2014.04.24"]
[SourceQuality "1"]

1. d4 d5 2. Nf3 Nf6 3. e3 c5 4. b3 Nc6 5. Bd3 Bg4 6. Bb2 e6 7. 0-0 Bd6 8. Nbd2 0-0 9. a3 Rc8 10. c4 cxd4 11. exd4 Bf4 12. Be2 b6 13. Ne5 Bxe2 14. Qxe2 Na5 15. Nef3 Bxd2 16. Nxd2 Nxb3 17. Nxb3 dxc4 18. d5 cxb3 19. dxe6 Qe7 20. exf7+ Qxf7 21. Rac1 Rfe8 22. Qd3 Rxc1 23. Rxc1 Ne4 24. Qd4 Nc5 25. h3 h6 26. Rc3 Re1+ 27. Kh2 Re4 28. Qd8+ Re8 29. Qd4 Re6 30. Qd8+ Qf8 31. Qh4 Qd6+ 32. Qg3 g5 33. Qxd6 Rxd6 34. Bc1 Rd1 35. Bb2 Rd2 0-1

[Event "Rhein Main op-A 15th"]
[Site "Bad Homburg"]
[Date "2012.06.10"]
[Round "7"]
[White "Mattes, Heinz"]
[Black "Baskin, Robert"]
[Result "1/2-1/2"]
[WhiteElo "2020"]
[BlackElo "2068"]
[PlyCount "83"]
[EventDate "2012.06.06"]
[EventType "swiss"]
[EventRounds "7"]
[EventCountry "GER"]
[SourceTitle "EXT 2013"]
[Source "ChessBase"]
[SourceDate "2012.11.22"]
[SourceVersion "1"]
[SourceVersionDate "2012.11.22"]
[SourceQuality "1"]

1. d4 Nf6 2. Nf3 g6 3. c4 Bg7 4. Nc3 d6 5. e4 0-0 6. Be2 e5 7. dxe5 dxe5 8. Qxd8 Rxd8 9. Bg5 Re8 10. Nd5 Nxd5 11. cxd5 c6 12. dxc6 Nxc6 13. Bb5 f6 14. Be3 Bd7 15. 0-0 Rac8 16. Rfd1 Be6 17. Nd2 f5 18. f3 Bf8 19. Bc4 Kf7 20. Kf1 Red8 21. Bxe6+ Kxe6 22. Nb3 b6 23. Rac1 Rxd1+ 24. Rxd1 Nb4 25. a3 Na6 26. Rc1 Rxc1+ 27. Nxc1 fxe4 28. fxe4 Nc5 29. Bxc5 Bxc5 30. Ke2 Bd4 31. Nd3 b5 32. b3 Kd6 33. Kd2 h5 34. h3 Ke6 35. Ke2 Kd6 36. Kd2 Bc5 37. a4 a6 38. axb5 axb5 39. Nxc5 Kxc5 40. Kc3 g5 41. b4+ Kc6 42. g4 1/2-1/2

[Event "Rhein Main op-A 15th"]
[Site "Bad Homburg"]
[Date "2012.06.07"]
[Round "2"]
[White "Seichter, Andreas"]
[Black "Mattes, Heinz"]
[Result "0-1"]
[WhiteElo "1854"]
[BlackElo "2020"]
[PlyCount "70"]
[EventDate "2012.06.06"]
[EventType "swiss"]
[EventRounds "7"]
[EventCountry "GER"]
[SourceTitle "EXT 2013"]
[Source "ChessBase"]
[SourceDate "2012.11.22"]
[SourceVersion "1"]
[SourceVersionDate "2012.11.22"]
[SourceQuality "1"]

1. e4 e6 2. d4 d5 3. exd5 exd5 4. Bd3 Nc6 5. c3 Bd6 6. Ne2 Bg4 7. f3 Bd7 8. 0-0 Qf6 9. Nd2 Nge7 10. f4 Bf5 11. Nf3 Bxd3 12. Qxd3 Qf5 13. Qxf5 Nxf5 14. Ne5 0-0 15. Bd2 f6 16. Nxc6 bxc6 17. b4 Rfe8 18. Kf2 Bf8 19. g4 Nd6 20. Ng3 Nc4 21. Rfd1 Bd6 22. Kf3 a5 23. bxa5 Rxa5 24. Ne2 Rea8 25. Nc1 Ra3 26. Be1 Re8 27. Ne2 Re3+ 28. Kf2 Re4 29. Kf3 g5 30. fxg5 fxg5 31. h3 Re3+ 32. Kf2 Rxh3 33. Rdb1 Rh2+ 34. Kf3 Ra8 35. a4 Rf8+ 0-1

[Event "Regionalliga SW 1112"]
[Site "Bayern"]
[Date "2012.03.18"]
[Round "8.7"]
[White "Suess, Stefan1"]
[Black "Mattes, Heinz"]
[Result "1/2-1/2"]
[WhiteElo "1832"]
[BlackElo "1934"]
[PlyCount "128"]
[EventDate "2011.10.02"]
[EventType "team-tourn"]
[EventRounds "9"]
[EventCountry "GER"]
[SourceTitle "EXT 2015"]
[Source "ChessBase"]
[SourceDate "2014.11.20"]
[SourceVersion "1"]
[SourceVersionDate "2014.11.20"]
[SourceQuality "1"]
[WhiteTeam "Schwabing SG Nord"]
[BlackTeam "Muenchen Siemens"]
[WhiteTeamCountry "GER"]
[BlackTeamCountry "GER"]

1. e4 e6 2. d4 d5 3. Nc3 Nf6 4. Bg5 Bb4 5. e5 h6 6. Bd2 Bxc3 7. bxc3 Ne4 8. Qg4 Kf8 9. Bd3 Nxd2 10. Kxd2 c5 11. h4 Nc6 12. Qf4 Bd7 13. Nf3 c4 14. Be2 b5 15. Rab1 Ne7 16. g4 a5 17. a3 Rb8 18. h5 Be8 19. Nh4 Kg8 20. Rhg1 g5 21. hxg6 Nxg6 22. Nxg6 fxg6 23. Qe3 Kg7 24. Rh1 Qe7 25. f4 Bd7 26. Bf3 Rbf8 27. f5 gxf5 28. gxf5 Rxf5 29. Rbg1+ Rg5 30. Bh5 Rf8 31. Rh2 Rxg1 32. Qxg1+ Qg5+ 33. Qxg5+ hxg5 34. Ke2 Rf4 35. Rg2 Kh6 36. Bg4 Kg6 37. Ke1 Re4+ 38. Kf2 Rf4+ 39. Kg1 Bc8 40. Rg3 Bd7 41. Rg2 b4 42. cxb4 axb4 43. axb4 c3 44. Be2 Rxd4 45. Bd3+ Rxd3 46. cxd3 Ba4 47. Kf2 Kf5 48. Ke3 Kxe5 49. Rxg5+ Kf6 50. Rh5 Ke7 51. d4 Kd6 52. Re5 Bc2 53. Ke2 Be4 54. Kd1 Kc6 55. Rxe6+ Kb5 56. Re7 Kxb4 57. Rc7 Kb3 58. Kc1 Bd3 59. Rc8 c2 60. Kd2 Be4 61. Rc5 Kb4 62. Rc3 Kb5 63. Kc1 Kb4 64. Kb2 Kb5 1/2-1/2

[Event "Bad Woerishofen op 28th"]
[Site "Bad Woerishofen"]
[Date "2012.03.09"]
[Round "8"]
[White "Reichenbacher, Gerhard"]
[Black "Mattes, Heinz"]
[Result "0-1"]
[WhiteElo "1846"]
[BlackElo "1991"]
[PlyCount "72"]
[EventDate "2012.03.02"]
[EventType "swiss"]
[EventRounds "9"]
[EventCountry "GER"]
[SourceTitle "EXT 2019"]
[Source "ChessBase"]
[SourceDate "2018.10.10"]
[SourceVersion "1"]
[SourceVersionDate "2018.10.10"]
[SourceQuality "1"]

1. c4 Nf6 2. g3 g6 3. Bg2 Bg7 4. Nc3 0-0 5. e4 d6 6. Nge2 c5 7. 0-0 Nc6 8. a3 Bg4 9. h3 Bd7 10. Rb1 a5 11. d3 Ne8 12. f4 Nc7 13. Nd5 a4 14. Nec3 Nxd5 15. exd5 Nd4 16. Ne4 b5 17. Be3 Nb3 18. Nd2 bxc4 19. dxc4 Bf5 20. Ne4 Qb6 21. g4 Bc8 22. Nd2 Ba6 23. Nxb3 Qxb3 24. Qxb3 axb3 25. Rfc1 Rfb8 26. Bf1 Bc8 27. Bd2 Bd4+ 28. Kg2 Kf8 29. Kf3 e6 30. Bc3 Bxc3 31. Rxc3 Ra4 32. Ke3 Ba6 33. Rd1 Ke7 34. Kd2 exd5 35. cxd5 Rd4+ 36. Bd3 c4 0-1

[Event "Regionalliga SW 1112"]
[Site "Bayern"]
[Date "2011.11.20"]
[Round "3.7"]
[White "Linke, Stefan"]
[Black "Mattes, Heinz"]
[Result "1/2-1/2"]
[WhiteElo "2100"]
[BlackElo "1934"]
[PlyCount "87"]
[EventDate "2011.10.02"]
[EventType "team-tourn"]
[EventRounds "9"]
[EventCountry "GER"]
[SourceTitle "EXT 2013"]
[Source "ChessBase"]
[SourceDate "2012.11.22"]
[SourceVersion "1"]
[SourceVersionDate "2012.11.22"]
[SourceQuality "1"]
[WhiteTeam "Muenchen Suedost"]
[BlackTeam "Muenchen Siemens"]
[WhiteTeamCountry "GER"]
[BlackTeamCountry "GER"]

1. Nf3 Nf6 2. c4 g6 3. Nc3 Bg7 4. g3 0-0 5. Bg2 d6 6. 0-0 c6 7. b4 Be6 8. d3 Qc8 9. Rb1 Bh3 10. b5 Bxg2 11. Kxg2 Nbd7 12. Bd2 e5 13. Qc2 Re8 14. bxc6 bxc6 15. Rfc1 Nc5 16. e4 Nh5 17. Na4 Ne6 18. Qb3 Nef4+ 19. Bxf4 Nxf4+ 20. Kh1 Ne2 21. Re1 Qg4 22. Ng1 Nd4 23. Qd1 Qxd1 24. Rexd1 Rab8 25. Kg2 f5 26. Nc3 Ne6 27. Kf1 Nc5 28. Ke2 Kf7 29. Nf3 Bf6 30. Nd2 Ne6 31. f3 Nd4+ 32. Kf2 h5 33. Nb3 Nxb3 34. Rxb3 Rxb3 35. axb3 Rb8 36. Rb1 a5 37. Ke2 Ke6 38. Kd1 Rb7 39. Kc2 Bd8 40. Na4 Rb8 41. Ra1 Rb7 42. Rg1 Rf7 43. Rf1 Rb7 44. Rg1 1/2-1/2

[Event "Regionalliga SW 1011"]
[Site "Bayern"]
[Date "2010.10.10"]
[Round "1.7"]
[White "Mattes, Heinz"]
[Black "Suess, Stefan1"]
[Result "1-0"]
[WhiteElo "1921"]
[BlackElo "1834"]
[PlyCount "77"]
[EventDate "2010.10.10"]
[EventType "team-tourn"]
[EventRounds "9"]
[EventCountry "GER"]
[SourceTitle "EXT 2012"]
[Source "ChessBase"]
[SourceDate "2011.11.24"]
[SourceVersion "1"]
[SourceVersionDate "2011.11.24"]
[SourceQuality "1"]
[WhiteTeam "Muenchen Siemens"]
[BlackTeam "Muenchen Schwabing"]
[WhiteTeamCountry "GER"]
[BlackTeamCountry "GER"]

1. d4 Nf6 2. Nf3 d5 3. e3 c6 4. c4 e6 5. Bd3 Be7 6. Nbd2 Nbd7 7. b3 b6 8. Bb2 Bb7 9. 0-0 Rc8 10. Ne5 Nxe5 11. dxe5 Nd7 12. f4 Bc5 13. Qe2 g6 14. Rae1 Rc7 15. Qg4 h5 16. Qh3 Nf8 17. Nf3 Qe7 18. Kh1 Nh7 19. e4 Kd8 20. cxd5 cxd5 21. exd5 Bxd5 22. Nd2 Bb4 23. Rd1 Bxd2 24. Rxd2 Kc8 25. Bxg6 Kb8 26. Bxh5 Nf8 27. Qg4 Ng6 28. Bxg6 fxg6 29. Rxd5 exd5 30. e6 Rh4 31. Qxg6 Rc6 32. f5 Qd6 33. h3 Rc2 34. Qg8+ Rc8 35. Qg7 Re4 36. Bf6 Rc2 37. e7 Rce2 38. Qf8+ Kb7 39. e8Q 1-0